| 000 | 00679 a2200205 4500 | ||
|---|---|---|---|
| 020 | _c550.00 | ||
| 035 | _aB-87737 | ||
| 037 | _bRP-BLIII-222 / UBH-05-06:22 / RP-05-06:ENG | ||
| 082 | 1 | 4 | _a346.54072 |
| 090 |
_c2645 _d2645 |
||
| 100 | 1 | _aAiyar, P. Ramanatha | |
| 245 | 1 |
_aThe sale of Goods Act with allied laws _cby P. Ramanatha;revised by K. Venkoba Rao |
|
| 250 | _a7th ed | ||
| 260 |
_aAllahabad _bThe University Book Agency _c2001r |
||
| 300 |
_avi, 916 p _c24 cm (HB) |
||
| 500 | _aThis is reprint 2001 | ||
| 700 | _aRao, K. Venkoba | ||
| 942 |
_adpl _cEN _k346.54072 / AIY |
||
| 999 |
_c2602 _d2602 |
||